| 000 | 01113nam0a2200289 4500 | ||
|---|---|---|---|
| 001 | RU\NLR\BIBL_A\012017862 | ||
| 005 | 20190603160315.0 | ||
| 010 |
_a978-5-6042105-2-9 _9100 |
||
| 021 |
_aRU _bКН-П-19-029809 _9КН-П-19-2244 |
||
| 035 | _a(NLR Aleph) 012017862 | ||
| 090 |
_a11484055 _c11484055 |
||
| 100 | _a20190521d2019 u y0rusy50 ca | ||
| 101 | 0 | _aukr | |
| 102 | _aRU | ||
| 105 | _aa|||z|||000gy | ||
| 200 | 1 |
_aВсе, чим живу _eвибране _fВасиль Латанський |
|
| 210 |
_aСимферополь _cФорма _d2019 |
||
| 215 |
_a203 с. _cил. _d21 |
||
| 320 | _aДр. произведения авт. на 196-й с. | ||
| 327 | 1 | _aСодерж.: циклы: Дзвiнки крiзь серце; Кольоровий мiст. Вiршi для дiтей рiзного вiку; З перекладiв росiйськомовних поетiв | |
| 686 | 2 | _aШ6(2=Ук)7-5 | |
| 700 | 1 |
_aЛатанський _bВ. _gВасиль |
|
| 942 | _cBOOK | ||
| 980 | _aNB | ||